000 00534nam a2200169 4500
005 20251008080512.0
008 220907b ||||| |||| 00| 0 eng d
020 _a9786218179127
082 _aDFil 338.4791 Y48 2022
100 _aYeung, Mylene A.
_945938
245 _aPhilippine culture and tourism geography /
_cMylene A. Yeung.
260 _aManila :
_bEdric Publishing Inc.,
_c©2022.
300 _a126 pages :
_billustrations ;
_c25 cm.
500 _aIncludes bibliography.
650 _aTourism.
_945939
942 _2ddc
_cDFIL
999 _c17268
_d17268